000 00421cam a2200133 4500
008 010905n2001 000 0 eng u
020 _a1874059403
035 _a(Sirsi) u114441
110 _aAssociation for Geographic Information
_9166
245 _aLocation, location, location : Proceedings of the AGI conference held at Earls Court....
260 _aLondon
_bRICS
_c2001
520 _aNot yet published
942 _n0
999 _c101621
_d101621